| 000 | 00978cam a2200253 i 4500 | ||
|---|---|---|---|
| 003 | IT-RoINE | ||
| 005 | 20220624135512.0 | ||
| 008 | 100622s2010 sp a |r|||| 100 0bspa d | ||
| 020 | _a9788493740030 | ||
| 040 |
_aSpMaBN _bspa _cIT-RoINE _erdc |
||
| 100 | 1 |
_aPérez López, Segundo L., _d1948- _94583 |
|
| 245 | 1 | 0 |
_aBaltasar Pardal Vidal, modelo de sacerdote diocesano / _cSegundo L. Pérez López. |
| 260 |
_aSantiago de Compostela : _b[Instituto Teológico Compostelano], _c2010. |
||
| 300 |
_a175 p. : _bil. col. ; _c22 cm. |
||
| 336 |
_2rdacontent _atext |
||
| 337 |
_2rdamedia _aunmediated |
||
| 338 |
_2rdacarrier _avolume |
||
| 490 | 1 |
_aCátedra Baltasar Pardal ; _v6 |
|
| 500 | _aPonencia presentada en las IV Jornadas sobre Don Baltasar Pardal celebradas el 3 de marzo de 2010 en La Coruña | ||
| 504 | _aBibliografía: p. [173]-175 | ||
| 600 | 1 | 4 |
_aPardal Vidal, Baltasar, _d1886-1963 _vCongresos _97412 |
| 830 | 0 |
_aCátedra Baltasar Pardal ; _97413 _v6 |
|
| 942 | _cMTS | ||
| 999 |
_c3604 _d3604 |
||